[Event "Pro-Am 2010"]
[Site "Villa Martelli ARG"]
[Date "2010.10.19"]
[Round "6.16"]
[White "Valerga, Diego"]
[Black "Fiori, Alberto Nicolas"]
[Result "1/2-1/2"]
[WhiteElo "2508"]
[BlackElo "2158"]
[PlyCount "144"]
[EventDate "2010.10.10"]
[EventType "swiss"]
[EventRounds "9"]
[EventCountry "ARG"]
[Source "lmi"]
[SourceDate "2010.10.10"]

1. d4 d5 2. c4 e6 3. Nf3 Nf6 4. Nc3 Nbd7 5. Bg5 Bb4 6. cxd5 exd5 7. Qc2 c5 8.
dxc5 Qa5 9. Bd2 O-O 10. a3 Bxc3 11. Bxc3 Qxc5 12. Rc1 Ne4 13. e3 Nxc3 14. Qxc3
Qxc3+ 15. Rxc3 Nf6 16. Bd3 Bg4 17. Nd4 Rac8 18. Rc2 Rxc2 19. Bxc2 Rc8 20. f3
Be6 21. Kd2 Nd7 22. Rc1 Ne5 23. b3 Nc6 24. Nxc6 Rxc6 25. b4 g6 26. g4 h6 27. h4
Kg7 28. Rg1 Rc8 29. f4 Kf6 30. g5+ hxg5 31. hxg5+ Ke7 32. Rh1 Bg4 33. Bd3 Bf3
34. Rc1 Rxc1 35. Kxc1 Kd6 36. Kd2 Bg2 37. Kc3 Bf3 38. Kd4 b6 39. Bc2 Bg2 40.
Ba4 Bf3 41. Be8 Ke7 42. Bb5 Kd6 43. Bd3 Bg2 44. f5 gxf5 45. Bxf5 Bf3 46. Bh3
Be4 47. Bg4 Bg2 48. a4 Be4 49. a5 Bg2 50. Bh5 Ke6 51. Bg4+ Kd6 52. Bf5 Bf3 53.
Bh7 Bh5 54. Bc2 Bf3 55. Bf5 Bh5 56. e4 dxe4 57. Bxe4 Be2 58. Bd5 Bh5 59. axb6
axb6 60. Bb3 Bg6 61. Kc4 Bh5 62. Kb5 Kc7 63. Bc4 Bg6 64. Be2 Bf5 65. Ka6 Bc8+
66. Ka7 Bf5 67. Bc4 Bg6 68. Bd5 Bh5 69. Be4 Bg4 70. Bh7 Be2 71. Bg8 Bh5 72. Bh7
Be2 1/2-1/2

[Event "Pro-Am 2010"]
[Site "Villa Martelli ARG"]
[Date "2010.10.19"]
[Round "6.17"]
[White "Fusco, Leonardo"]
[Black "Restuccia, Francisco"]
[Result "1-0"]
[WhiteElo "2359"]
[BlackElo "2153"]
[PlyCount "69"]
[EventDate "2010.10.10"]
[EventType "swiss"]
[EventRounds "9"]
[EventCountry "ARG"]
[Source "lmi"]
[SourceDate "2010.10.10"]

1. d4 Nf6 2. Nf3 g6 3. c4 Bg7 4. Nc3 O-O 5. e4 d6 6. Be2 Na6 7. O-O e5 8. Be3
Ng4 9. Bg5 Qe8 10. dxe5 dxe5 11. h3 h6 12. Bd2 Nf6 13. Be3 Qe7 14. a3 c6 15. b4
Nh5 16. Re1 Nf4 17. Bxf4 exf4 18. e5 Bf5 19. c5 Rfd8 20. Qc1 g5 21. Bc4 b5 22.
Ba2 Nc7 23. Ne4 Bxe4 24. Rxe4 Ne6 25. Qc2 Rd7 26. Ree1 Rad8 27. Qe4 Rc8 28.
Rad1 Rxd1 29. Rxd1 Rd8 30. Rd6 a5 31. Qxc6 axb4 32. axb4 Rb8 33. Bxe6 fxe6 34.
Rxe6 Qf7 35. Qd6 1-0

[Event "Pro-Am 2010"]
[Site "Villa Martelli ARG"]
[Date "2010.10.19"]
[Round "6.18"]
[White "Pichot, Alan"]
[Black "Quiroga, Facundo"]
[Result "1-0"]
[WhiteElo "2160"]
[BlackElo "2357"]
[PlyCount "139"]
[EventDate "2010.10.10"]
[EventType "swiss"]
[EventRounds "9"]
[EventCountry "ARG"]
[Source "lmi"]
[SourceDate "2010.10.10"]

1. e4 c5 2. Nf3 d6 3. d4 cxd4 4. Nxd4 Nf6 5. f3 e5 6. Nb3 Be7 7. c4 Be6 8. Nc3
Nbd7 9. Be3 a6 10. Nd5 Bxd5 11. cxd5 O-O 12. Bd3 Nh5 13. Qd2 Nf4 14. Bc2 Rc8
15. O-O Bg5 16. Rac1 f6 17. g3 Nh3+ 18. Kg2 Bxe3 19. Qxe3 Ng5 20. h4 Nf7 21.
Bd3 Rxc1 22. Rxc1 Qb8 23. Rc3 Rc8 24. Qc1 Rxc3 25. Qxc3 Kf8 26. Qb4 Qc7 27. Qa5
Qxa5 28. Nxa5 Nd8 29. b4 Ke7 30. Kf2 Nb8 31. Ke2 Kd7 32. Kd2 Kc7 33. Bf1 b5 34.
Kc3 Nd7 35. a4 Kb6 36. axb5 axb5 37. Kd3 Nb8 38. Bh3 Kc7 39. Nb3 Nb7 40. Kc3
Nd7 41. Bxd7 Kxd7 42. Na5 Nd8 43. Kd3 Kc7 44. Ke3 Nb7 45. Nb3 Nd8 46. f4 Nf7
47. Kf3 h5 48. Na5 g5 49. Nc6 g4+ 50. Ke2 Nh6 51. Ne7 Kd7 52. Nc6 Kc7 53. Na5
Kb6 54. Nb3 Kc7 55. Nd2 Kd7 56. Kf2 Kc7 57. Nf1 Kd8 58. Ne3 Kc8 59. Nc2 Kc7 60.
Na1 exf4 61. gxf4 f5 62. e5 dxe5 63. fxe5 Nf7 64. e6 Ne5 65. Nc2 f4 66. Nd4 g3+
67. Kg2 Ng6 68. Nf5 f3+ 69. Kxg3 f2 70. Kxf2 1-0

[Event "Pro-Am 2010"]
[Site "Villa Martelli ARG"]
[Date "2010.10.19"]
[Round "6.19"]
[White "Pineiro, Dario"]
[Black "Pina Gomez, Ulises"]
[Result "0-1"]
[WhiteElo "2162"]
[BlackElo "2302"]
[PlyCount "80"]
[EventDate "2010.10.10"]
[EventType "swiss"]
[EventRounds "9"]
[EventCountry "ARG"]
[Source "lmi"]
[SourceDate "2010.10.10"]

1. e4 e5 2. d4 exd4 3. c3 d3 4. Bxd3 Nc6 5. Ne2 Nf6 6. c4 Bc5 7. O-O O-O 8. Bg5
h6 9. Bh4 d6 10. Nbc3 a5 11. Nd5 g5 12. Bg3 Nh5 13. Kh1 Nb4 14. Nxb4 axb4 15.
Qd2 f5 16. f4 g4 17. a3 bxa3 18. b4 Bb6 19. Qc2 c6 20. Qb3 fxe4 21. Bxe4 Be6
22. Qd3 d5 23. Bh7+ Kh8 24. c5 Nxg3+ 25. Nxg3 Qd7 26. Bg6 Bd8 27. Rxa3 Rxa3 28.
Qxa3 Qg7 29. f5 Bf7 30. Nh5 Qd4 31. Bxf7 Rxf7 32. Qa8 Rf8 33. Qxb7 Rxf5 34. Re1
Qe5 35. Rg1 Rxh5 36. g3 Qe4+ 37. Rg2 Rf5 38. Qa6 Rf2 39. Qa1+ Bf6 40. Qg1 Bd4
0-1

[Event "Pro-Am 2010"]
[Site "Villa Martelli ARG"]
[Date "2010.10.19"]
[Round "6.20"]
[White "Krysa, Leandro Sergio"]
[Black "Bernal, Gustavo"]
[Result "0-1"]
[WhiteElo "2271"]
[BlackElo "2094"]
[PlyCount "52"]
[EventDate "2010.10.10"]
[EventType "swiss"]
[EventRounds "9"]
[EventCountry "ARG"]
[Source "lmi"]
[SourceDate "2010.10.10"]

1. d4 d5 2. c4 c6 3. Nf3 Nf6 4. Nc3 dxc4 5. a4 Bf5 6. Ne5 Nbd7 7. Nxc4 Nb6 8.
Ne5 a5 9. Bg5 h6 10. Bh4 g5 11. Bg3 Nh5 12. e4 Nxg3 13. hxg3 Be6 14. f4 Bg7 15.
Be2 Qd6 16. Bh5 Rd8 17. Qf3 Bxe5 18. dxe5 Qd2+ 19. Kf1 Rd3 20. Qf2 gxf4 21.
Qxb6 Bc4 22. Kg1 Re3 23. gxf4 Rg8 24. Be2 Bxe2 25. Qa7 Rxg2+ 26. Kxg2 Bf3+ 0-1

[Event "Pro-Am 2010"]
[Site "Villa Martelli ARG"]
[Date "2010.10.20"]
[Round "7.1"]
[White "Rodriguez Vila, Andres"]
[Black "Flores, Diego"]
[Result "1/2-1/2"]
[WhiteElo "2537"]
[BlackElo "2615"]
[PlyCount "80"]
[EventDate "2010.10.10"]
[EventType "swiss"]
[EventRounds "9"]
[EventCountry "ARG"]
[Source "lmi"]
[SourceDate "2010.10.10"]

1. f4 c5 2. Nf3 Nc6 3. g3 g6 4. Bg2 Bg7 5. O-O d6 6. e4 e5 7. d3 Nge7 8. fxe5
dxe5 9. Be3 b6 10. Qd2 O-O 11. Na3 f6 12. c3 Ba6 13. Rfd1 Qd7 14. b4 cxb4 15.
cxb4 Nd4 16. Nxd4 exd4 17. Bf2 Rac8 18. Qb2 f5 19. b5 Bb7 20. Rac1 Rc3 21. Nc4
Kh8 22. Qb4 fxe4 23. dxe4 Qe6 24. Nd6 Qf6 25. Be1 Rxc1 26. Rxc1 Bh6 27. Rc3 Bd2
28. Rf3 Bxb4 29. Rxf6 Rxf6 30. Bxb4 Bc8 31. e5 Re6 32. Bh3 Rxd6 33. exd6 Bxh3
34. dxe7 Bd7 35. a4 Kg7 36. Bd6 Kf7 37. Bb8 Bg4 38. Kf2 Bd1 39. a5 bxa5 40.
Bxa7 Ba4 1/2-1/2

[Event "Pro-Am 2010"]
[Site "Villa Martelli ARG"]
[Date "2010.10.20"]
[Round "7.3"]
[White "Tristan, Leonardo"]
[Black "Real De Azua, Ernesto"]
[Result "1/2-1/2"]
[WhiteElo "2401"]
[BlackElo "2432"]
[PlyCount "28"]
[EventDate "2010.10.10"]
[EventType "swiss"]
[EventRounds "9"]
[EventCountry "ARG"]
[Source "lmi"]
[SourceDate "2010.10.10"]

1. e4 c6 2. d4 d5 3. Nc3 dxe4 4. Nxe4 Bf5 5. Ng3 Bg6 6. h4 h6 7. Nf3 Nf6 8. Ne5
Bh7 9. Bd3 Nbd7 10. f4 e6 11. Bxh7 Nxh7 12. Qf3 Nxe5 13. dxe5 Qd5 14. Ne4 f5
1/2-1/2

[Event "Pro-Am 2010"]
[Site "Villa Martelli ARG"]
[Date "2010.10.20"]
[Round "7.4"]
[White "Barrionuevo, Pablo"]
[Black "Perez Ponsa, Federico"]
[Result "1/2-1/2"]
[WhiteElo "2365"]
[BlackElo "2469"]
[PlyCount "90"]
[EventDate "2010.10.10"]
[EventType "swiss"]
[EventRounds "9"]
[EventCountry "ARG"]
[Source "lmi"]
[SourceDate "2010.10.10"]

1. d4 Nf6 2. Nf3 g6 3. Bf4 Bg7 4. e3 d6 5. h3 O-O 6. Be2 c5 7. c3 Qb6 8. Qc1
Nc6 9. Nbd2 Be6 10. dxc5 Qxc5 11. e4 Rac8 12. O-O Qb6 13. Be3 Qc7 14. Nd4 Bd7
15. f4 Nxd4 16. cxd4 Qb6 17. Qd1 Qxb2 18. Nc4 Rxc4 19. Bxc4 Nxe4 20. Rb1 Qc3
21. Qc1 b6 22. Rb3 Qxc1 23. Rxc1 Rc8 24. Rbb1 Bf6 25. Ba6 Rc3 26. Rxc3 Nxc3 27.
Rc1 Nd5 28. Kf2 Nb4 29. Rc7 Be6 30. Rxa7 Bxa2 31. Bb5 Be6 32. Rc7 h5 33. Bc4
Bf5 34. d5 b5 35. Bxb5 Nxd5 36. Rb7 h4 37. Bc6 Nc3 38. Bd2 Ne4+ 39. Bxe4 Bxe4
40. Rb4 Bd5 41. Be3 Kg7 42. Bd4 e5 43. fxe5 dxe5 44. Bc3 e4 45. Bd4 e3+ 1/2-1/2

[Event "Pro-Am 2010"]
[Site "Villa Martelli ARG"]
[Date "2010.10.20"]
[Round "7.6"]
[White "Slipak, Sergio"]
[Black "Molina, Roberto Junio Brito"]
[Result "0-1"]
[WhiteElo "2446"]
[BlackElo "2384"]
[PlyCount "118"]
[EventDate "2010.10.10"]
[EventType "swiss"]
[EventRounds "9"]
[EventCountry "ARG"]
[Source "lmi"]
[SourceDate "2010.10.10"]

1. e4 c6 2. d4 d5 3. f3 g6 4. c3 Bg7 5. e5 f6 6. f4 Nh6 7. Nf3 O-O 8. Be2 Na6
9. O-O Nc7 10. Na3 b6 11. Kh1 Ba6 12. Bxa6 Nxa6 13. Qa4 Qc8 14. c4 dxc4 15.
Qxc4+ Kh8 16. Bd2 Qb7 17. Rac1 Rac8 18. Qe6 Rfd8 19. Nc4 Nf5 20. Ne3 Nxd4 21.
Nxd4 Rxd4 22. Bc3 Qd7 23. Qxd7 Rxd7 24. exf6 Bxf6 25. Ng4 Kg7 26. Nxf6 exf6 27.
g4 Nc5 28. g5 Ne4 29. gxf6+ Kf7 30. f5 g5 31. b4 c5 32. b5 Rd3 33. Be5 Re8 34.
Ba1 Rd2 35. Kg1 Nxf6 36. Rf2 Rd5 37. a4 Re4 38. a5 Rg4+ 39. Rg2 Rxg2+ 40. Kxg2
Rxf5 41. Re1 Nd5 42. Be5 Nf4+ 43. Bxf4 Rxf4 44. Re5 Rb4 45. Rxg5 Rxb5 46. axb6
axb6 47. Rd5 Rb3 48. Rd7+ Kg6 49. Rd6+ Kg5 50. Rd7 h5 51. Rg7+ Kf6 52. Rc7 h4
53. h3 Ke5 54. Rh7 Rb4 55. Kf3 b5 56. Rh5+ Kd6 57. Ke2 Rd4 58. Ke3 b4 59. Rh8
Kd5 0-1

[Event "Pro-Am 2010"]
[Site "Villa Martelli ARG"]
[Date "2010.10.20"]
[Round "7.7"]
[White "Diaz Hollemaert, Nahuel"]
[Black "Della Morte, German"]
[Result "1/2-1/2"]
[WhiteElo "2443"]
[BlackElo "2361"]
[PlyCount "127"]
[EventDate "2010.10.10"]
[EventType "swiss"]
[EventRounds "9"]
[EventCountry "ARG"]
[Source "lmi"]
[SourceDate "2010.10.10"]

1. c4 g6 2. Nc3 Bg7 3. g3 Nf6 4. Bg2 O-O 5. Nf3 d6 6. O-O e5 7. d3 Nc6 8. Rb1
h6 9. b4 Be6 10. Nd2 Qc8 11. Re1 Bh3 12. Bh1 Ne7 13. e3 Ng4 14. f3 Nf6 15. Qb3
Qd7 16. Bb2 Nh7 17. Nce4 Be6 18. f4 f5 19. Nf2 c6 20. Nf3 Qc7 21. Bc3 g5 22.
Qb2 Ng6 23. c5 exf4 24. Bxg7 Qxg7 25. exf4 Bd5 26. Qxg7+ Kxg7 27. Nd4 Bxa2 28.
Rb2 Bg8 29. fxg5 hxg5 30. cxd6 Rad8 31. Nb3 Bxb3 32. Rxb3 a6 33. Nd1 Rxd6 34.
Nb2 Rfd8 35. Rc3 Rd4 36. Rc5 Rxb4 37. Re2 Rb5 38. Rc1 Re5 39. Rf2 Ne7 40. Nc4
Re6 41. Na5 Rxd3 42. Nxb7 Rde3 43. Kf1 Nf6 44. Nd8 R6e5 45. Nxc6 Nxc6 46. Bxc6
Ra3 47. Rb2 Rea5 48. Rb7+ Kg6 49. Rb6 Ra1 50. Rxa1 Rxa1+ 51. Kg2 Ra2+ 52. Kg1
Kf7 53. Bb7 a5 54. Bc8 Kg6 55. Rb5 f4 56. Bf5+ Kf7 57. Bd3 Ra3 58. Bc4+ Kg6 59.
Bb3 Ne4 60. gxf4 gxf4 61. h4 f3 62. Bc2 Ra1+ 63. Rb1 Rxb1+ 64. Bxb1 1/2-1/2

[Event "Pro-Am 2010"]
[Site "Villa Martelli ARG"]
[Date "2010.10.20"]
[Round "7.9"]
[White "Paveto, Kevin"]
[Black "Ricardi, Pablo"]
[Result "1/2-1/2"]
[WhiteElo "2256"]
[BlackElo "2517"]
[PlyCount "111"]
[EventDate "2010.10.10"]
[EventType "swiss"]
[EventRounds "9"]
[EventCountry "ARG"]
[Source "lmi"]
[SourceDate "2010.10.10"]

1. e4 c5 2. Nf3 d6 3. d4 cxd4 4. Nxd4 Nf6 5. Nc3 a6 6. Be3 e5 7. Nb3 Be7 8. Qd2
O-O 9. O-O-O a5 10. Kb1 a4 11. Nc1 a3 12. b3 Nc6 13. f3 Be6 14. Nd5 Bxd5 15.
exd5 Nd4 16. c3 Nf5 17. Bf2 Ra5 18. g4 Rxd5 19. Qc2 Rxd1 20. Qxd1 Qc8 21. gxf5
Nd5 22. Be1 Nxc3+ 23. Bxc3 Qxc3 24. Qc2 Qa5 25. Bd3 Bf6 26. Ne2 e4 27. Bxe4 Qe5
28. Qc3 Qxc3 29. Nxc3 Bxc3 30. Bxb7 Be5 31. h3 g5 32. Rg1 Kg7 33. Rxg5+ Kf6 34.
Rg4 Rb8 35. Bd5 Rb5 36. Bc6 Rc5 37. Rc4 Rxc4 38. bxc4 Kxf5 39. Be4+ Kf4 40.
Bxh7 Kxf3 41. Kc2 Kg3 42. Bf5 Kf4 43. Bh7 f5 44. Kd3 Kg5 45. Ke3 Bg7 46. Bg8
Kf6 47. Kd4 Bf8 48. h4 Kg6 49. Be6 Be7 50. h5+ Kf6 51. Kd5 Bf8 52. h6 f4 53. h7
Kg7 54. Bf5 f3 55. Ke6 f2 56. Bd3 1/2-1/2

[Event "Pro-Am 2010"]
[Site "Villa Martelli ARG"]
[Date "2010.10.20"]
[Round "7.10"]
[White "Wisniacki, Flavio"]
[Black "Alonso, Salvador"]
[Result "1-0"]
[WhiteElo "2257"]
[BlackElo "2482"]
[PlyCount "57"]
[EventDate "2010.10.10"]
[EventType "swiss"]
[EventRounds "9"]
[EventCountry "ARG"]
[Source "lmi"]
[SourceDate "2010.10.10"]

1. c4 Nf6 2. Nf3 g6 3. d4 Bg7 4. Nc3 d5 5. g3 O-O 6. Bg2 dxc4 7. Qa4 Nfd7 8.
Qxc4 Nb6 9. Qb3 Nc6 10. O-O a5 11. Bf4 a4 12. Qd1 Ra5 13. Rc1 Bg4 14. Ne5 Nxe5
15. dxe5 c6 16. Qxd8 Rxd8 17. e6 Be5 18. exf7+ Kxf7 19. Bxe5 Rxe5 20. Rfd1
Rxd1+ 21. Rxd1 Rc5 22. a3 Be6 23. f4 Bb3 24. Rd4 Rc4 25. Rd8 Nd5 26. Nxd5 Rc1+
27. Kf2 cxd5 28. Bxd5+ Bxd5 29. Rxd5 1-0

[Event "Pro-Am 2010"]
[Site "Villa Martelli ARG"]
[Date "2010.10.20"]
[Round "7.11"]
[White "Viana, Dirceu"]
[Black "Dos Santos, Ramiro"]
[Result "0-1"]
[WhiteElo "2245"]
[BlackElo "2438"]
[PlyCount "94"]
[EventDate "2010.10.10"]
[EventType "swiss"]
[EventRounds "9"]
[EventCountry "ARG"]
[Source "lmi"]
[SourceDate "2010.10.10"]

1. Nf3 g6 2. e4 c5 3. d4 cxd4 4. Qxd4 Nf6 5. Bb5 Nc6 6. Bxc6 dxc6 7. Qxd8+ Kxd8
8. Nc3 Bg7 9. Bf4 Nh5 10. O-O-O+ Ke8 11. Bc7 Bg4 12. Rd3 Bxf3 13. Rxf3 Rc8 14.
Bg3 e5 15. Rd1 Nxg3 16. hxg3 Ke7 17. Rdd3 Bh6+ 18. Kb1 Rcd8 19. b4 Rxd3 20.
Rxd3 Rd8 21. Rxd8 Kxd8 22. Kb2 Bd2 23. Kb3 f5 24. exf5 gxf5 25. Nd1 Kd7 26. Kc4
b5+ 27. Kb3 Ke6 28. c3 e4 29. a4 Kd5 30. axb5 cxb5 31. Kc2 Be1 32. Kb3 h5 33.
Kc2 Ke5 34. Kc1 f4 35. gxf4+ Kxf4 36. Kc2 h4 37. Kb3 e3 38. Nxe3 Bxf2 39. Nf1
Ke4 40. c4 Kd3 41. c5 Ke2 42. c6 Bb6 43. g4 Kxf1 44. g5 h3 45. g6 h2 46. g7
h1=Q 47. g8=Q Qf3+ 0-1

[Event "Pro-Am 2010"]
[Site "Villa Martelli ARG"]
[Date "2010.10.20"]
[Round "7.12"]
[White "Virgillito, Cristian"]
[Black "Julia, Ernesto"]
[Result "1/2-1/2"]
[WhiteElo "2239"]
[BlackElo "2388"]
[PlyCount "150"]
[EventDate "2010.10.10"]
[EventType "swiss"]
[EventRounds "9"]
[EventCountry "ARG"]
[Source "lmi"]
[SourceDate "2010.10.10"]

1. e4 c5 2. Nf3 e6 3. d4 cxd4 4. Nxd4 Nf6 5. Nc3 Nc6 6. g3 Bb4 7. Bg2 Bxc3+ 8.
bxc3 Qa5 9. O-O O-O 10. Qd3 d5 11. Nb3 Qc7 12. exd5 Nxd5 13. Bxd5 exd5 14. Bf4
Qd8 15. Rfd1 Qf6 16. Qxd5 Be6 17. Qc5 Rac8 18. Nd4 Bg4 19. Rd2 h6 20. Qd6 Qxd6
21. Bxd6 Rfe8 22. Bf4 Ne5 23. Re1 Nc4 24. Rxe8+ Rxe8 25. Rd3 g5 26. Be3 Bh3 27.
Rd1 a6 28. Bc1 Bd7 29. f3 f6 30. Kf2 Kf7 31. h4 Rc8 32. Ne2 Be6 33. Rh1 Kg6 34.
Rd1 Ne5 35. a3 Kf7 36. Be3 Nc4 37. a4 Nxe3 38. Kxe3 Ke7 39. Rd4 Bc4 40. Re4+
Kf7 41. hxg5 hxg5 42. Kd4 Be6 43. Ke3 Bf5 44. Rb4 Rc7 45. Nd4 Bd7 46. a5 Rxc3+
47. Ke4 Rc7 48. Kd5 Ke7 49. Rb1 Be8 50. Nf5+ Kd7 51. Nd6 Bg6 52. Rb6 Bxc2 53.
Nxb7 Bd1 54. Nc5+ Ke7 55. Re6+ Kf7 56. Rxa6 Bxf3+ 57. Kd6 Re7 58. Rb6 Re1 59.
a6 Ra1 60. Kc7 Rc1 61. Kd6 Rd1+ 62. Kc7 Rc1 63. Rb5 Be2 64. a7 Bxb5 65. a8=Q
Rxc5+ 66. Kd6 Re5 67. Qb7+ Kg6 68. Qc8 Be8 69. Qc2+ Kg7 70. Qc7+ Bf7 71. Qc3
Re6+ 72. Kd7 Rb6 73. Qd4 Re6 74. Qc3 Kg6 75. Qc2+ Kg7 1/2-1/2

[Event "Pro-Am 2010"]
[Site "Villa Martelli ARG"]
[Date "2010.10.20"]
[Round "7.13"]
[White "Scarella, Enrique Alejandro"]
[Black "Perez, Maximiliano"]
[Result "1-0"]
[WhiteElo "2380"]
[BlackElo "2185"]
[PlyCount "83"]
[EventDate "2010.10.10"]
[EventType "swiss"]
[EventRounds "9"]
[EventCountry "ARG"]
[Source "lmi"]
[SourceDate "2010.10.10"]

1. d4 Nf6 2. Nf3 g6 3. g3 Bg7 4. Bg2 O-O 5. O-O d6 6. Re1 Nbd7 7. e4 e5 8. Nc3
c6 9. a4 a5 10. h3 Qc7 11. Be3 Re8 12. d5 Nc5 13. Bxc5 dxc5 14. Nd2 Rd8 15. Qe2
Bf8 16. Nc4 Ne8 17. Qe3 f6 18. Bf1 Nd6 19. Kh2 Nxc4 20. Bxc4 Kg7 21. Rad1 Bd7
22. Rd2 Be8 23. Red1 Rab8 24. Qe2 Rd6 25. Bb3 Rbd8 26. dxc6 Rxd2 27. Rxd2 Rxd2
28. Qxd2 Bxc6 29. Qd3 Qd7 30. Qc4 Kh6 31. Qg8 Bg7 32. Bd5 Bxa4 33. Nd1 f5 34.
Ne3 Bc6 35. Bxc6 bxc6 36. exf5 Kg5 37. Qxh7 gxf5 38. Nxf5 Qxf5 39. Qxg7+ Qg6
40. Qxe5+ Qf5 41. Qg7+ Qg6 42. f4+ 1-0

[Event "Pro-Am 2010"]
[Site "Villa Martelli ARG"]
[Date "2010.10.20"]
[Round "7.14"]
[White "Bassan, Remo"]
[Black "Fusco, Leonardo"]
[Result "1/2-1/2"]
[WhiteElo "2240"]
[BlackElo "2359"]
[PlyCount "34"]
[EventDate "2010.10.10"]
[EventType "swiss"]
[EventRounds "9"]
[EventCountry "ARG"]
[Source "lmi"]
[SourceDate "2010.10.10"]

1. e4 c5 2. Nf3 Nc6 3. g3 g6 4. Bg2 Bg7 5. d3 e5 6. c3 Nge7 7. Be3 d6 8. Qd2 f5
9. h4 h6 10. Na3 b6 11. O-O-O Be6 12. Kb1 Qd7 13. Ka1 O-O-O 14. Qc1 Kb8 15.
Rhe1 Bf7 16. Bh3 Be6 17. Bg2 Bf7 1/2-1/2

[Event "Pro-Am 2010"]
[Site "Villa Martelli ARG"]
[Date "2010.10.20"]
[Round "7.16"]
[White "Bitelmajer, Martin"]
[Black "Garcia Campitelli, Gonzalo"]
[Result "1-0"]
[WhiteElo "2312"]
[BlackElo "2125"]
[PlyCount "67"]
[EventDate "2010.10.10"]
[EventType "swiss"]
[EventRounds "9"]
[EventCountry "ARG"]
[Source "lmi"]
[SourceDate "2010.10.10"]

1. d4 Nf6 2. c4 c5 3. d5 b5 4. cxb5 a6 5. e3 g6 6. Nc3 Bg7 7. Nf3 O-O 8. e4 d6
9. Bd2 axb5 10. Bxb5 Ba6 11. a4 e6 12. dxe6 fxe6 13. O-O Bxb5 14. axb5 Nbd7 15.
Qb3 Re8 16. Bf4 Rxa1 17. Rxa1 Nb6 18. e5 dxe5 19. Bxe5 c4 20. Qc2 Nfd5 21. Bxg7
Kxg7 22. h3 Qf6 23. Re1 Nxc3 24. bxc3 Qf5 25. Qb2 Nd5 26. b6 Rb8 27. Nd4 Qd3
28. Nxe6+ Kg8 29. Nc5 Qxc3 30. Qxc3 Nxc3 31. b7 Nd5 32. Ra1 Nc7 33. Rc1 Nd5 34.
Rxc4 1-0

[Event "Pro-Am 2010"]
[Site "Villa Martelli ARG"]
[Date "2010.10.20"]
[Round "7.17"]
[White "Pina Gomez, Ulises"]
[Black "Fernandez, Marcelo Fabian"]
[Result "1-0"]
[WhiteElo "2302"]
[BlackElo "2065"]
[PlyCount "126"]
[EventDate "2010.10.10"]
[EventType "swiss"]
[EventRounds "9"]
[EventCountry "ARG"]
[Source "lmi"]
[SourceDate "2010.10.10"]

1. e4 d5 2. exd5 Qxd5 3. Nc3 Qa5 4. g3 c6 5. Bg2 Nf6 6. Nge2 Bg4 7. h3 Bh5 8.
b4 Qc7 9. Rb1 a6 10. d3 e6 11. O-O Bd6 12. Ne4 Nxe4 13. dxe4 e5 14. g4 Bg6 15.
c4 O-O 16. c5 Be7 17. Ng3 Rd8 18. Qb3 a5 19. a3 axb4 20. axb4 b6 21. cxb6 Qxb6
22. Be3 Qb5 23. Rfd1 Rxd1+ 24. Qxd1 Qa4 25. Nf5 Qxd1+ 26. Rxd1 Bxf5 27. exf5
Ra4 28. Bc5 Bxc5 29. bxc5 Rd4 30. Rb1 Rd8 31. Bf1 Nd7 32. Rd1 Kf8 33. Rd6 Ke7
34. Rxc6 Rb8 35. Rc7 Kd8 36. Ra7 Nxc5 37. Rxf7 Rb7 38. Rxb7 Nxb7 39. Kg2 Nd6
40. Kf3 Ke7 41. Bd3 Kf6 42. h4 h6 43. Ke3 Nb7 44. f4 exf4+ 45. Kxf4 Nd6 46. g5+
hxg5+ 47. hxg5+ Ke7 48. Kg4 Nf7 49. Kf4 Nd6 50. Bc2 Nc4 51. Bb3 Nb6 52. Be6 Na4
53. Kg4 Nc5 54. Kh5 Ne4 55. Kg6 Kf8 56. Ba2 Nc3 57. Bb3 Ne4 58. Bc2 Nc5 59. Kh7
Kf7 60. f6 Ne6 61. Bb3 gxf6 62. g6+ Ke7 63. Bxe6 Kxe6 1-0

[Event "Pro-Am 2010"]
[Site "Villa Martelli ARG"]
[Date "2010.10.20"]
[Round "7.18"]
[White "Zuriel, Marisa"]
[Black "Zamorano, Jorge Adrian"]
[Result "0-1"]
[WhiteElo "2193"]
[BlackElo "2271"]
[PlyCount "82"]
[EventDate "2010.10.10"]
[EventType "swiss"]
[EventRounds "9"]
[EventCountry "ARG"]
[Source "lmi"]
[SourceDate "2010.10.10"]

1. e4 c5 2. Nf3 d6 3. d4 cxd4 4. Nxd4 Nf6 5. Nc3 a6 6. g3 Bg4 7. f3 Bd7 8. Bg2
Nc6 9. Be3 e6 10. Qd2 Be7 11. Nde2 O-O 12. g4 b5 13. g5 Ne8 14. Ng3 Nc7 15. f4
b4 16. Nce2 a5 17. h4 a4 18. h5 b3 19. cxb3 axb3 20. a3 d5 21. O-O Na5 22. h6
gxh6 23. gxh6 Nc4 24. Qc3 f6 25. Bf2 Kh8 26. exd5 exd5 27. Nd4 Rg8 28. Ndf5 Bf8
29. Rad1 Rc8 30. Ng7 Bg4 31. N3f5 Bxd1 32. Rxd1 Nd6 33. Bh4 Nce8 34. Nxd6 Bxd6
35. Qxb3 Nxg7 36. hxg7+ Rxg7 37. Qxd5 Qb6+ 38. Kh1 Qxb2 39. Bh3 Bxf4 40. Bg2
Rcg8 41. Rg1 Rxg2 0-1

[Event "Pro-Am 2010"]
[Site "Villa Martelli ARG"]
[Date "2010.10.20"]
[Round "7.19"]
[White "Bernal, Gustavo"]
[Black "Languidey, Simon Alejandro"]
[Result "1/2-1/2"]
[WhiteElo "2094"]
[BlackElo "2257"]
[PlyCount "54"]
[EventDate "2010.10.10"]
[EventType "swiss"]
[EventRounds "9"]
[EventCountry "ARG"]
[Source "lmi"]
[SourceDate "2010.10.10"]

1. d4 d5 2. c4 c6 3. Nf3 e6 4. Nc3 Nf6 5. Bg5 Nbd7 6. e3 Bb4 7. Qc2 Qa5 8. Nd2
O-O 9. Bxf6 Nxf6 10. Bd3 Re8 11. O-O e5 12. a3 Bd6 13. cxd5 cxd5 14. Nb5 Bb8
15. dxe5 Bxe5 16. Nf3 Bb8 17. Rac1 Bd7 18. Qb3 a6 19. Nbd4 Bd6 20. Nf5 Bxf5 21.
Bxf5 Re7 22. Rfd1 Rd8 23. Nd4 g6 24. Bc8 Rc7 25. Bxb7 Rxc1 26. Rxc1 Rb8 27. g3
Qd8 1/2-1/2

[Event "Pro-Am 2010"]
[Site "Villa Martelli ARG"]
[Date "2010.10.20"]
[Round "7.20"]
[White "Cavadini, Ignacio"]
[Black "Valerga, Diego"]
[Result "0-1"]
[WhiteElo "2111"]
[BlackElo "2508"]
[PlyCount "66"]
[EventDate "2010.10.10"]
[EventType "swiss"]
[EventRounds "9"]
[EventCountry "ARG"]
[Source "lmi"]
[SourceDate "2010.10.10"]

1. b4 d5 2. Bb2 Bg4 3. Qc1 Nd7 4. e3 e5 5. a3 Ngf6 6. Be2 Bxe2 7. Nxe2 Bd6 8.
d3 a5 9. b5 O-O 10. O-O e4 11. Nf4 Nc5 12. Qd1 Bxf4 13. exf4 exd3 14. cxd3 Re8
15. a4 d4 16. Ba3 Ne6 17. g3 Qd5 18. Nd2 g6 19. Qf3 Qxf3 20. Nxf3 Nd5 21. Rfe1
Nc3 22. Bb2 Nc5 23. Nxd4 N3xa4 24. Ba3 Rxe1+ 25. Rxe1 Rd8 26. Rc1 Rxd4 27. Bxc5
Rxd3 28. Be7 Nc3 29. Rc2 Nxb5 30. Bf6 Rd6 31. Be5 Re6 32. Rb2 c6 33. Rd2 f6 0-1

[Event "Pro-Am 2010"]
[Site "Villa Martelli ARG"]
[Date "2010.10.21"]
[Round "8.1"]
[White "Flores, Diego"]
[Black "Pierrot, Juan Facundo"]
[Result "1/2-1/2"]
[WhiteElo "2615"]
[BlackElo "2431"]
[PlyCount "39"]
[EventDate "2010.10.10"]
[EventType "swiss"]
[EventRounds "9"]
[EventCountry "ARG"]
[Source "lmi"]
[SourceDate "2010.10.10"]

1. c4 c5 2. Nc3 Nc6 3. Nf3 e5 4. a3 Nf6 5. d3 d5 6. Bg5 d4 7. Nd5 Be7 8. Bxf6
Bxf6 9. g3 Be6 10. Nxf6+ Qxf6 11. Bg2 O-O 12. O-O Qe7 13. b4 cxb4 14. axb4 Qxb4
15. Qc2 Qe7 16. Rfb1 Rac8 17. Rb5 f6 18. Qb2 b6 19. Nd2 Rc7 20. Qa3 1/2-1/2